Histoire de l'enseignement en France : XIXe-XXIe siècle (notice n° 1612289)

détails MARC
000 -LEADER
fixed length control field 01283cam a2200157 4500500
005 - DATE AND TIME OF LATEST TRANSACTION
control field 20260111013225.0
041 ## - LANGUAGE CODE
Language code of text/sound track or separate title fre
042 ## - AUTHENTICATION CODE
Authentication code dc
100 10 - MAIN ENTRY--PERSONAL NAME
Personal name Luc, Jean-Noël
Relator term author
245 00 - TITLE STATEMENT
Title Histoire de l'enseignement en France : XIXe-XXIe siècle
260 ## - PUBLICATION, DISTRIBUTION, ETC.
Name of publisher, distributor, etc. Armand Colin,<br/>
Date of publication, distribution, etc. 2020.<br/>
520 ## - SUMMARY, ETC.
Summary, etc. Alors que la question de l'enseignement reste plus que jamais discutée, ce volume offre un panorama exceptionnel sur l’histoire de l’enseignement de la maternelle à l’université, de l’époque napoléonienne jusqu’à nos jours.Il présente les structures, les pratiques, les réformes, les innovations et les contestations qui ont marqué plus de deux siècles d'activité enseignante.L'ouvrage interroge les méthodes préconisées et leurs applications en replaçant le fait éducatif dans ses dimensions politiques, économiques, sociales, culturelles nationales, voire internationales.Exhaustif et sans parti pris, il sera utile à tous ceux, acteurs ou témoins, qui interrogent les nouveaux défis de l'enseignement en France. 
700 10 - ADDED ENTRY--PERSONAL NAME
Personal name Condette, Jean-François
Relator term author
700 10 - ADDED ENTRY--PERSONAL NAME
Personal name Verneuil, Yves
Relator term author
856 41 - ELECTRONIC LOCATION AND ACCESS
Uniform Resource Identifier <a href="https://shs.cairn.info/histoire-de-l-enseignement-en-france-xixe-xxie-sie--9782200613334?lang=fr&redirect-ssocas=7080">https://shs.cairn.info/histoire-de-l-enseignement-en-france-xixe-xxie-sie--9782200613334?lang=fr&redirect-ssocas=7080</a>

Pas d'exemplaire disponible.

PLUDOC

PLUDOC est la plateforme unique et centralisée de gestion des bibliothèques physiques et numériques de Guinée administré par le CEDUST. Elle est la plus grande base de données de ressources documentaires pour les Étudiants, Enseignants chercheurs et Chercheurs de Guinée.

Adresse

627 919 101/664 919 101

25 boulevard du commerce
Kaloum, Conakry, Guinée

Réseaux sociaux

Powered by Netsen Group @ 2025